فقه المرأة المسلمة سؤال وجواب / (رقم التسجيلة. 4226)
[ عرض عادي ]
| 000 -الفاتح | |
|---|---|
| عناصر البيانات ثابتة الطول | 00793cam a2200193 i 4500 |
| 005 - تاريخ ووقت آخر معاملة | |
| حقل ضبط | 20251221090735.0 |
| 008 - عناصر البيانات ثابتة الطول | |
| عناصر البيانات ثابتة الطول | 250721s1998 ua gr 000 0 ara d |
| 082 14 - رقم تصنيف ديوي العشري | |
| رقم التصنيف | 217.8 |
| رقم المادة | ش ع ر |
| 100 1# - مدخل رئيسي – اسم شخصي | |
| الاسم الشخصي | الشعراوي، محمد متولي |
| علاقة الشخص بالعمل/ دوره | مؤلف. |
| 245 10 - بيان العنوان | |
| العنوان | فقه المرأة المسلمة سؤال وجواب / |
| بيان المسؤولية | فضيلة الشيخ محمد متولي الشعراوي ؛ إعداد عادل أبو المعاطي. |
| 250 ## - بيان الطبعة | |
| بيان الطبعة | الطبعة الأولى. |
| 264 31 - بيانات النشر، التوزيع…إلخ | |
| مكان النشر، التوزيع...إلخ | القاهرة : |
| اسم الناشر، الموزع...إلخ | مكتبة القدسي للنشر والتوزيع، |
| تاريخ النشر، التوزيع...إلخ | 1998. |
| 300 ## - الوصف المادي | |
| عدد الوحدات المكونة للوعاء | 134 صفحة. |
| 650 17 - مدخل إضافي بالموضوع - مصطلح موضوعي | |
| مصطلح موضوعي أو اسم جغرافي كعنصر مدخل | الفقه الإسلامي. |
| 650 17 - مدخل إضافي بالموضوع - مصطلح موضوعي | |
| مصطلح موضوعي أو اسم جغرافي كعنصر مدخل | المرأة المسلمة. |
| 700 1# - مدخل إضافي - اسم شخصي | |
| الاسم الشخصي | أبو المعاطي، عادل |
| علاقة الشخص بالعمل/ دوره | معد. |
| 942 ## - بيانات إضافية (كوها) | |
| نوع التنصيف | Dewey Decimal Classification |
| نوع المادة (كوها) | كتب |
| حالة السحب | حالة الفقدان | مصدر التصنيف | حالة التلف | غير قابل للإعارة | المكتبة الرئيسية | المكتبة الحالية | موقع الرف | تاريخ التزويد | الرقم المتسلسل | Total Checkouts | رقم الإستدعاء | الباركود | تاريخ آخر ظهور | تاريخ الفاتورة | نوع المادة (كوها) |
|---|---|---|---|---|---|---|---|---|---|---|---|---|---|---|---|
| Dewey Decimal Classification | المكتبة المركزية | المكتبة المركزية | الإعارة | 28/07/2025 | 855292 | 217.8 / ش ع ر | 855292 | 28/07/2025 | 28/07/2025 | كتب | |||||
| Dewey Decimal Classification | المكتبة المركزية | المكتبة المركزية | الإعارة | 28/07/2025 | 855293 | 217.8 / ش ع ر | 855293 | 28/07/2025 | 28/07/2025 | كتب |